iMath 9 / (Record no. 5245)

MARC details
000 -LEADER
fixed length control field 00617nam a22001937a 4500
003 - CONTROL NUMBER IDENTIFIER
control field OSt
005 - DATE AND TIME OF LATEST TRANSACTION
control field 20251104010359.0
008 - FIXED-LENGTH DATA ELEMENTS--GENERAL INFORMATION
fixed length control field 251028b |||||||| |||| 00| 0 eng d
020 ## - INTERNATIONAL STANDARD BOOK NUMBER
International Standard Book Number 978-971-9980-38-4
040 ## - CATALOGING SOURCE
Original cataloging agency DWCL - Main Lib
Transcribing agency OC
082 ## - DEWEY DECIMAL CLASSIFICATION NUMBER
Edition number 2nd
Classification number Res. 510 M314 2023
100 ## - MAIN ENTRY--PERSONAL NAME
Personal name Marcelo, Cecilia M.
245 ## - TITLE STATEMENT
Title iMath 9 /
Statement of responsibility, etc. Cecilia M. Marcelo
260 ## - PUBLICATION, DISTRIBUTION, ETC.
Place of publication, distribution, etc. Cainta, Rizal, Philippines :
Name of publisher, distributor, etc. iBook Publishing Inc.,
Date of publication, distribution, etc. c2023.
300 ## - PHYSICAL DESCRIPTION
Extent viii, 328 pages
Other physical details colored illustrations ;
Dimensions 25 cm.
490 ## - SERIES STATEMENT
Series statement K to 12 Curriculum Series
700 ## - ADDED ENTRY--PERSONAL NAME
Personal name I. Nenet M. PeƱaranda
942 ## - ADDED ENTRY ELEMENTS (KOHA)
Source of classification or shelving scheme Dewey Decimal Classification
Koha item type Book- Reserved
Suppress in OPAC No
Edition 2nd
Call number suffix Res.
952 ## - LOCATION AND ITEM INFORMATION (KOHA)
--
952 ## - LOCATION AND ITEM INFORMATION (KOHA)
--
952 ## - LOCATION AND ITEM INFORMATION (KOHA)
--
952 ## - LOCATION AND ITEM INFORMATION (KOHA)
--
Holdings
Withdrawn status Lost status Source of classification or shelving scheme Damaged status Not for loan Home library Current library Shelving location Date acquired Source of acquisition Total Checkouts Full call number Barcode Date last seen Copy number Price effective from Koha item type Uniform Resource Identifier
    Dewey Decimal Classification     Junior High School Library Junior High School Library Reserved 09/11/2024 School Fund   Res. 510 M314 2023 JHS - 21382 10/28/2025 c3 10/28/2025 BK-0 CIRC
    Dewey Decimal Classification     Junior High School Library Junior High School Library Reserved 09/11/2024 School Fund   Res. 510 M314 2023 JHS - 21381 10/28/2025 c2 10/28/2025 BK-0 CIRC
    Dewey Decimal Classification     Junior High School Library Junior High School Library Reserved 09/11/2024 School Fund   Res. 510 M314 2023 JHS - 21380 10/28/2025 c1 10/28/2025 BK-0 CIRC
    Dewey Decimal Classification     Junior High School Library Junior High School Library Reserved 09/11/2024 School Fund   Res. 510 M314 2023 JHS - 21410 11/04/2025 c4 10/28/2025 BK-0 CIRC